Moderne Länder des Persischen Reiches auf einer Karte - Statistiken

Allgemein
  • Dieses Quiz wurde 1.147 mal gespielt
  • Das Durchschnittsergebnis liegt bei 30 aus 32
Antworten auf der Karte
Die Antworten werden auf der Karte rot bzw. grün angezeigt, abhängig davon wie oft sie richtig erraten wurden.
 
Antwortstatistiken
Countries % Korrekt
Türkei
100%
Irak
99%
Iran
99%
Afghanistan
98%
Ägypten
98%
Israel
98%
Georgien
97%
Griechenland
97%
Pakistan
97%
Saudi-Arabien
97%
Syrien
97%
Bulgarien
96%
Indien
96%
Rumänien
96%
Russland
96%
Turkmenistan
96%
Ukraine
96%
Armenien
95%
Aserbaidschan
95%
Jordanien
95%
Libanon
95%
Libyen
95%
Usbekistan
95%
Zypern
95%
Kasachstan
94%
Kirgisistan
94%
Oman
94%
Tadschikistan
93%
Vereinigte Arabische Emirate
93%
China
92%
Kuwait
91%
Moldawien
79%
Keine übereinstimmenden Quizze gefunden
Verteilung der Resultate
Anzahl Personen mit jedem Resultat
Perzentil nach korrekt beantworteten Fragen
Ihre Resultats-Entwicklung
Sie haben dieses Quiz noch nicht gespielt